000 01116nam a2200205Ii 4500
003 JO-AjNU
008 230605s9999||||xx |||||||||||||| ||und||
017 _a2019/6/2925
040 _aJO-AjNU
_bara
_erda
_cJO-AjNU
041 _aara
050 1 4 _aDS154.53.W37 2019
100 3 _aعبدالله بن الحسين بن علي، ملك الأردن، 1988 - 1951؛ اشراف البخيت، محمد عدنان؛ جمع وإعداد هند غسان أبو الشعر؛ المتابعة والتنسيق باسل غازي الجغامين,
_eauthor
_959465
245 0 0 _aالوثائق الهاشمية: أوراق عبدالله بن الحسين: موظفو دائرة النافعة (1927-1951م)، مج27
264 3 1 _aعمان: الجامعة الاردنية: لجنة تاريخ بلاد الشام، 2019
300 _aمج27: 236ص
336 _atext
_btxt
_2rdacontent
337 _aunmediated
_bn
_2rdamedia
338 _avolume
_bnc
_2rdacarrier
650 4 _aالاردن - تاريخ - الملك عبدالله بن الحسين الاول - دائرة النافعة- موظفون 1927-1951م
_959466
999 _aA26761
_c30329
_d30329